Reglamento de Funcionarios de Administración Local
Descripción Física:
137 p. ; 20 cm
MARC
| LEADER | 00000nam a2200000Ia 4500 | ||
|---|---|---|---|
| 001 | 10535 | ||
| 008 | 160829s1952 xx 000 0 cat d | ||
| 080 | |a M-3-289 | ||
| 100 | |a Espanya. Lleis, etc. |9 23269 | ||
| 245 | |a Reglamento de Funcionarios de Administración Local | ||
| 250 | |a Ed. oficial | ||
| 260 | |a Madrid : |b Instituto de Estudios de Administración Local, |c 1952 | ||
| 300 | |a 137 p. ; |c 20 cm | ||
| 590 | |a Precedeix el títol: Ministerio de la Gobernación. | ||
| 650 | |a Funcionaris i empleats locals |x Dret i legislació |x Espanya |9 23149 | ||
| 710 | 2 | |a Instituto de Estudios de Administración Local (Espanya) |9 54775 | |
| 710 | 1 | |a Espanya. |b Ministerio de la Gobernación |9 55088 | |
| 901 | |a Arxiu | ||
| 942 | |n 1 | ||
| 952 | |0 0 |1 0 |4 0 |6 M3289 |7 1 |9 44463 |a Arxiu |b Arxiu |d 2016-12-01 |l 0 |o M-3-289 |p 10535 |r 2016-12-01 00:00:00 |w 2016-12-01 |y ARXIU | ||
| 999 | |c 47044 |d 47044 | ||